Schlüsselfaktor Qualität total quality management erfolgreich einführen und praktizieren
Salvato in:
| Altri autori: | , |
|---|---|
| Natura: | Libro |
| Lingua: | tedesco |
| Pubblicazione: |
Wien
Manz
1993
|
| Edizione: | 1. Aufl. |
| Soggetti: | |
| Tags: |
Nessun Tag, puoi essere il primo ad aggiungerne!!
|
MARC
| LEADER | 00000nam a2200000 4500 | ||
|---|---|---|---|
| 001 | c002496 | ||
| 005 | 20221206075020.7 | ||
| 020 | |a 3-214-08225-6 | ||
| 041 | 0 | |a ger | |
| 044 | |a AT | ||
| 245 | 1 | 0 | |a Schlüsselfaktor Qualität |b total quality management erfolgreich einführen und praktizieren |c hrsg. von Hans-Ullrich Dietzel, Viktor Seitschek |
| 250 | |a 1. Aufl. | ||
| 264 | 1 | |a Wien |b Manz |c 1993 | |
| 300 | |a 239 s. | ||
| 610 | 2 | 0 | |a TQM |
| 610 | 2 | 0 | |a kvalita |
| 610 | 2 | 0 | |a manažment personálny |
| 610 | 2 | 0 | |a softvér |
| 610 | 2 | 0 | |a výroba štíhla |
| 610 | 2 | 0 | |a konkurencia |
| 610 | 2 | 0 | |a ISO 9000 |
| 610 | 2 | 0 | |a certifikácia |
| 610 | 2 | 0 | |a manažment |
| 700 | 1 | |a Dietzel, Hans-Ullrich | |
| 700 | 1 | |a Seitschek, Viktor | |